000 00590nab a2200205 a 4500
005 20210219155957.0
008 991125s1985 mx 000 0 spa u
035 _aUPN01000155908
100 1 _aRodríguez, Pedro Gerardo
222 _aREVISTA LATINOAMERICANA DE ESTUDIOS EDUCATIVOS
245 _aLa quimera del cambio
260 _aMéxico
300 _a19-51
362 0 _a2006 Nueva época, vol. 36, nos. 3-4, jul.-dic.
653 0 _aCALIDAD EDUCATIVA
653 0 _aPROGRAMA NACIONAL DE LECTURA
653 0 _aENCICLOMEDIA
653 0 _aEDUCACION PUBLICA
905 _aArticulo
999 _c128022
_d128022